书目信息 |
| 题名: |
青年论坛
|
|
| 作者: | ;青年论坛编辑部 编 | |
| 分册: | ||
| 出版信息: | 武昌 青年论坛杂志社 1984.11 |
|
| 页数: | 160页 | |
| 开本: | 19cm | |
| 丛书名: | ||
| 单 册: | ||
| 中图分类: | C55 | |
| 科图分类: | ||
| 主题词: | 社会科学--连续出版物 , 社会科学--期刊 | |
| 电子资源: | ||
| ISBN: | ||
| 000 | 00577nam0 2200205 45 | |
| 001 | 0506140944 | |
| 005 | 20050614164556.3 | |
| 010 | @dCNY0.60 | |
| 100 | @a20050614d1984 km y0chiy0120 ea | |
| 101 | 0 | @achi |
| 105 | @a z 000yy | |
| 200 | 1 | @a青年论坛@AQing Nian Lun Tan@f青年论坛编辑部编@FQing Nian Lun Tan Bian Ji Bu Bian |
| 210 | @a武昌@c青年论坛杂志社@d1984.11 | |
| 215 | @a160页@d19cm | |
| 606 | 0 | @a社会科学@x连续出版物 |
| 606 | 0 | @a社会科学@x期刊 |
| 690 | @aC55@v3 | |
| 711 | 02 | @a青年论坛编辑部@4编 |
| 801 | @aCN@bPftUser@c20050614 | |
| 905 | @f1@b121614@dC55@e1/84 | |
| 青年论坛/青年论坛编辑部编.-武昌:青年论坛杂志社,1984.11 |
| 160页;19cm |
| ISBN :CNY0.60 |
| ● |
| 相关链接 |
|
|
|
|
正题名:青年论坛
索取号:C55/1/84
 
预约/预借
| 序号 | 登录号 | 条形码 | 馆藏地/架位号 | 状态 | 备注 |
| 1 | 0121612 | 001120165 | 密集书库/ [索取号:C55/1/84] | 在馆 | |
| 2 | 0121613 | 001120227 | 密集书库/ [索取号:C55/1/84] | 在馆 | |
| 3 | 0121614 | 001120183 | 第一样本阅览室/ [索取号:C55/1/84] | 在馆 |